Подземная гидромеханика: электронный курс
| 1. Verfasser: | |
|---|---|
| Körperschaft: | |
| Weitere Verfasser: | |
| Zusammenfassung: | Заглавие с экрана Основной целью курса "Подземная гидромеханика" является приобретение и совершенствование навыков в построении различных моделей в подземной гидромеханике и методиками расчета этих моделей , умения выбирать и анализировать данные, проводить экспериментальную работу, уметь обрабатывать и интерпретировать полученные результаты исследований.Курс предназначен для студентов специалистов 5-го курса, 9-го семестра очной и заочной формы обучения по направлению 21.05.02 «Прикладная геология». В курсе рассматриваются методы сбора, обработки, анализа и интерпретации полученной информации, изучение терминологической, общенаучной, официальной лексики, технологии устного общения по повседневной тематике и в профессиональной деятельности. Доступ по логину и паролю |
| Sprache: | Russisch |
| Veröffentlicht: |
Томск, TPU Moodle, 2020
|
| Schlagworte: | |
| Online-Zugang: | https://design.lms.tpu.ru/course/view.php?id=3455 |
| Format: | MixedMaterials Elektronisch Buch |
| KOHA link: | https://koha.lib.tpu.ru/cgi-bin/koha/opac-detail.pl?biblionumber=665917 |
MARC
| LEADER | 00000nlm0a2200000 4500 | ||
|---|---|---|---|
| 001 | 665917 | ||
| 005 | 20231102030811.0 | ||
| 035 | |a (RuTPU)RU\TPU\network\37121 | ||
| 035 | |a RU\TPU\network\37119 | ||
| 090 | |a 665917 | ||
| 100 | |a 20211123d2020 m y0rusy50 ca | ||
| 101 | 0 | |a rus | |
| 102 | |a RU | ||
| 105 | |a a j 000zy | ||
| 135 | |a jrcn ---uucaa | ||
| 181 | 0 | |a i | |
| 182 | 0 | |a b | |
| 200 | 1 | |a Подземная гидромеханика |e электронный курс |f П. Н. Зятиков, Ю. Н. Орлова |g Национальный исследовательский Томский политехнический университет, Инженерная школа природных ресурсов, Отделение нефтегазового дела | |
| 203 | |a Текст |c электронный | ||
| 210 | |a Томск |c TPU Moodle |d 2020 | ||
| 230 | |a Электрон. дан. | ||
| 300 | |a Заглавие с экрана | ||
| 330 | |a Основной целью курса "Подземная гидромеханика" является приобретение и совершенствование навыков в построении различных моделей в подземной гидромеханике и методиками расчета этих моделей , умения выбирать и анализировать данные, проводить экспериментальную работу, уметь обрабатывать и интерпретировать полученные результаты исследований.Курс предназначен для студентов специалистов 5-го курса, 9-го семестра очной и заочной формы обучения по направлению 21.05.02 «Прикладная геология». В курсе рассматриваются методы сбора, обработки, анализа и интерпретации полученной информации, изучение терминологической, общенаучной, официальной лексики, технологии устного общения по повседневной тематике и в профессиональной деятельности. | ||
| 333 | |a Доступ по логину и паролю | ||
| 606 | |a Подземная гидромеханика |2 stltpush |3 (RuTPU)RU\TPU\subj\49621 |9 68406 | ||
| 610 | 1 | |a электронный ресурс | |
| 610 | 1 | |a труды учёных ТПУ | |
| 610 | 1 | |a электронное обучение | |
| 610 | 1 | |a электронные курсы ТПУ | |
| 610 | 1 | |a электронные учебные пособия | |
| 610 | 1 | |a учебные пособия | |
| 610 | 1 | |a дистанционное образование | |
| 610 | 1 | |a дистанционное обучение | |
| 675 | |a 622.234.5(075.8) |v 4 | ||
| 700 | 1 | |a Зятиков |b П. Н. |c геолог |c профессор Томского политехнического университета, доктор технических наук |f 1947- |g Павел Николаевич |2 stltpush |3 (RuTPU)RU\TPU\pers\32729 | |
| 701 | 1 | |a Орлова |b Ю. Н. |c физик |c доцент Томского политехнического университета, кандидат физико-математических наук |f 1978- |g Юлия Николаевна |2 stltpush |3 (RuTPU)RU\TPU\pers\27821 | |
| 712 | 0 | 2 | |a Национальный исследовательский Томский политехнический университет |b Инженерная школа природных ресурсов |b Отделение нефтегазового дела |h 8084 |2 stltpush |3 (RuTPU)RU\TPU\col\23546 |
| 801 | 2 | |a RU |b 63413507 |c 20220602 |g RCR | |
| 856 | 4 | |u https://design.lms.tpu.ru/course/view.php?id=3455 | |
| 942 | |c CF | ||